000 00188 a2200097 4500
020 _a9780673762375
041 _aspa
100 _aLester, Helen
245 _aLa mochila de lin
942 _cBK
999 _c31953
_d31951